000 00625nam a2200229Ia 4500
003 OSt
005 20221007081518.0
006 a|||||r|||| 00| 0
007 ta
008 221006b |||||||| |||| 00| 0 eng d
024 _a17,901
037 _cTextual
040 _aFLL
_cFLL
_beng
041 _2eng
_aeng
082 _aY2oj49.73.N7, L9
100 _aPiotrkowski C.S. Au.
_9697438
245 0 _aWork and the family system
260 _aNew York
_bThe Free press U.S.A.
_c1979
300 _a337p
_ccm.
942 _hY2oj49.73.N7, L9
_cTEXL
_2CC
999 _c1163284
_d1163284